000
00469nam a2200181Ia 4500
008
100917s9999 xx 000 0 und d
082
_b
61829
100
_a
हुमणे राजाराम
245
_a
छबिना
260
_b
परचुरे प्रकाशन
_c
1973
300
_a
111
365
_b
10
520
_a
निबंध
630
_a
छबिना
650
_a
निबंध
730
_a
छबिना
942
_c
BOOK
999
_c
667223
_d
667220